| 000 | 00374nam a2200145 a 4500 | ||
|---|---|---|---|
| 001 | 4195 | ||
| 003 | CDMR | ||
| 005 | 20131007162452.0 | ||
| 008 | 130130s1977||||||||||||||||||||||||||||d | ||
| 040 |
_aCDMR _bcat _cCDMR |
||
| 245 | 0 | _aCent anys de premsa sitgetana (1877-1977) | |
| 260 |
_aSitges _c1977 _bBiblioteca Popular "Santigo RusiƱol" |
||
| 300 | _a67 p. | ||
| 942 |
_cMON _2udc |
||
| 999 |
_c4195 _d4195 |
||